000 00683nam a2200241Ia 4500
001 3014
003 GE_BSU
008 181216s||||||||xx |||||||||||||| ||und||
020 _a59000428176
040 _cGE_BSU
080 _a330.101(075.8)
100 _aВ.М. Гальперин. С.М. Игнатьев, В.И. Моргунов
245 _aМикроэкономика:
245 _cобщая редакция В. М. Гальперина.
250 _aВ 2-хт том II
260 _aСПб
260 _bЭкономическая школа
260 _c1997
300 _a503 с.
541 _h12 л.
653 _aМикроэкономика
942 _cBK
999 _c37060
_d37060